| 000 -CABECERA |
| Longitud fija campo de control |
00981nam a2200313 a 4500 |
| 001 - NÚMERO DE CONTROL |
| Número de control |
991044649019706706 |
| 003 - IDENTIFICADOR DEL NÚMERO DE CONTROL |
| Identificador del número de control |
OSt |
| 005 - FECHA Y HORA DE LA ÚLTIMA TRANSACCIÓN |
| Fecha y hora de la última transacción |
20240215191543.0 |
| 008 - CÓDIGOS DE INFORMACIÓN DE LONGITUD FIJA |
| Códigos de información de longitud fija |
980612s1997 spco || o000 ||cat |
| 015 ## - NÚMERO DE BIBLIOGRAFÍA NACIONAL |
| Número de bibliografía nacional |
LL1998 |
| Fuente |
bnc |
| 017 ## - NÚMERO DE COPYRIGHT O DE DEPÓSITO LEGAL |
| Número de copyright o de depósito legal |
DL B. 49712-1997 |
| Agencia que asigna el número |
Biblioteca de Catalunya |
| 020 ## - NÚMERO INTERNACIONAL NORMALIZADO PARA LIBROS |
| Número Internacional Normalizado para Libros (ISBN) |
8477824886 |
| 035 ## - NÚMERO DE CONTROL DEL SISTEMA |
| Número de control del sistema |
(ES-BaCBU).b21748123 |
| 035 ## - NÚMERO DE CONTROL DEL SISTEMA |
| Número de control del sistema |
(OCoLC)807550892 |
| 040 ## - FUENTE DE LA CATALOGACIÓN |
| Centro catalogador de origen |
ES-BaBC |
| Lengua de catalogación |
cat |
| Centro transcriptor |
CDMR |
| 041 0# - CÓDIGO DE LENGUA |
| Código de lengua del texto/banda sonora o título independiente |
cat |
| -- |
spa |
| 080 ## - NÚMERO DE LA CLASIFICACIÓN DECIMAL UNIVERSAL |
| Número de la Clasificación Decimal Universal |
77Pérez de Rozas |
| 245 00 - MENCIÓN DE TÍTULO |
| Título |
Pérez de Rozas |
| 260 ## - PUBLICACIÓN, DISTRIBUCIÓN, ETC. (PIE DE IMPRENTA) |
| Lugar de publicación, distribución, etc. |
[Barcelona] : |
| Nombre del editor, distribuidor, etc. |
Lunwerg, |
| Fecha de publicación, distribución, etc. |
DL 1997 |
| 300 ## - DESCRIPCIÓN FÍSICA |
| Extensión |
117 p. : |
| Otras características físicas |
principalment il. ; |
| Dimensiones |
22 x 29 cm |
| 500 ## - NOTA GENERAL |
| Nota general |
A la portada: Fotoprix |
| 546 ## - NOTA DE LENGUA |
| Nota de lengua |
Texts bilingüe català castellà |
| 600 37 - PUNTO DE ACCESO ADICIONAL DE MATERIA - NOMBRE DE PERSONA |
| Nombre de persona |
Pérez de Rozas (Família) |
| 650 #0 - PUNTO DE ACCESO ADICIONAL DE MATERIA - TÉRMINO DE MATERIA |
| Término de materia o nombre geográfico como elemento inicial |
Fotoperiodisme |
| Subdivisión geográfica |
Catalunya |
| 9 (RLIN) |
1270 |
| Subdivisión de materia general |
Història |
| Subdivisión de forma |
Llibres de làmines |
| 907 ## - ELEMENTO G DATOS LOCALES, GDL (RLIN) |
| a |
.b21748123 |
| b |
22-06-21 |
| c |
07-05-08 |
| d |
07-05-08 |
| e |
m |
| f |
a |
| g |
- |
| h |
cat |
| i |
spc |
| j |
0 |
| k |
5 |
| 908 ## - CONTROL DE PARÁMETROS (RLIN) |
| Parametro de comando lanzado |
AHCB |
| -- |
BC |
| -- |
UB |
| -- |
UPF |
| -- |
URL |
| -- |
GEPA |
| 940 ## - |
| T&íacute;tulo uniforme |
<a href="BC">BC</a> |
| 942 ## - ENTRADA DE ELEMENTOS AGREGADOS (KOHA) |
| Fuente de clasificaión o esquema |
|
| Koha [por defecto] tipo de item |
Monografies |